Statistics for 日本の信用金庫

Click here to take the quiz!

General Stats

  • This quiz has been taken 48 times
  • The average score is 85 of 254

Answer Stats

本部所在地信用金庫名% Correct
北海道室蘭市室蘭信用金庫
84%
北海道苫小牧市苫小牧信用金庫
81%
北海道伊達市伊達信用金庫
76%
北海道帯広市帯広信用金庫
73%
山形県山形市山形信用金庫
73%
北海道北見市北見信用金庫
73%
山形県米沢市米沢信用金庫
70%
岩手県盛岡市盛岡信用金庫
70%
山形県新庄市新庄信用金庫
70%
山形県鶴岡市鶴岡信用金庫
70%
北海道釧路市釧路信用金庫
70%
北海道網走市網走信用金庫
70%
北海道稚内市稚内信用金庫
70%
北海道旭川市旭川信用金庫
70%
北海道留萌市留萌信用金庫
68%
福島県郡山市郡山信用金庫
68%
岩手県花巻市花巻信用金庫
68%
岩手県北上市北上信用金庫
68%
岩手県一関市一関信用金庫
68%
岩手県宮古市宮古信用金庫
68%
秋田県秋田市秋田信用金庫
68%
福島県白河市白河信用金庫
68%
宮城県石巻市石巻信用金庫
65%
福島県会津若松市会津信用金庫
62%
群馬県桐生市桐生信用金庫
62%
千葉県千葉市千葉信用金庫
62%
群馬県高崎市高崎信用金庫
62%
福島県須賀川市須賀川信用金庫
62%
埼玉県川口市川口信用金庫
62%
北海道遠軽町遠軽信用金庫
62%
三重県津市津信用金庫
62%
茨城県結城市結城信用金庫
59%
茨城県水戸市水戸信用金庫
59%
福島県二本松市二本松信用金庫
59%
宮城県気仙沼市気仙沼信用金庫
59%
福島県福島市福島信用金庫
59%
群馬県館林市館林信用金庫
59%
埼玉県飯能市飯能信用金庫
59%
千葉県銚子市銚子信用金庫
59%
千葉県館山市館山信用金庫
59%
神奈川県横浜市横浜信用金庫
59%
愛知県豊橋市豊橋信用金庫
57%
石川県金沢市金沢信用金庫
57%
京都府京都市京都信用金庫
57%
栃木県佐野市佐野信用金庫
57%
栃木県栃木市栃木信用金庫
54%
福井県小浜市小浜信用金庫
54%
福井県敦賀市敦賀信用金庫
54%
長野県飯田市飯田信用金庫
54%
東京都豊島区東京信用金庫
54%
新潟県村上市村上信用金庫
54%
北海道札幌市北海道信用金庫
54%
新潟県長岡市長岡信用金庫
54%
新潟県新潟市新潟信用金庫
54%
静岡県三島市三島信用金庫
54%
大阪府大阪市大阪信用金庫
54%
愛知県岡崎市岡崎信用金庫
54%
長野県長野市長野信用金庫
51%
愛知県豊川市豊川信用金庫
51%
鳥取県鳥取市鳥取信用金庫
51%
長野県上田市上田信用金庫
51%
静岡県沼津市沼津信用金庫
51%
愛知県瀬戸市瀬戸信用金庫
51%
福井県福井市福井信用金庫
51%
長野県松本市松本信用金庫
51%
鹿児島県鹿児島市鹿児島信用金庫
51%
岐阜県関市関信用金庫
51%
鳥取県米子市米子信用金庫
51%
山梨県甲府市甲府信用金庫
51%
東京都青梅市青梅信用金庫
51%
愛知県西尾市西尾信用金庫
51%
新潟県上越市上越信用金庫
51%
新潟県柏崎市柏崎信用金庫
51%
神奈川県川崎市川崎信用金庫
51%
新潟県新発田市新発田信用金庫
51%
新潟県三条市三条信用金庫
51%
佐賀県佐賀市佐賀信用金庫
51%
富山県富山市富山信用金庫
51%
北海道浦河町日高信用金庫
49%
東京都世田谷区世田谷信用金庫
49%
愛知県蒲郡市蒲郡信用金庫
49%
神奈川県平塚市平塚信用金庫
49%
愛知県豊田市豊田信用金庫
49%
熊本県熊本市熊本信用金庫
49%
富山県高岡市高岡信用金庫
49%
兵庫県神戸市神戸信用金庫
49%
佐賀県唐津市唐津信用金庫
49%
栃木県大田原市大田原信用金庫
49%
静岡県富士市富士信用金庫
49%
愛知県半田市半田信用金庫
49%
岐阜県高山市高山信用金庫
49%
福岡県大川市大川信用金庫
49%
福岡県田川市田川信用金庫
49%
福岡県飯塚市飯塚信用金庫
49%
福岡県福岡市福岡信用金庫
49%
新潟県加茂市加茂信用金庫
46%
大阪府枚方市枚方信用金庫
46%
兵庫県尼崎市尼崎信用金庫
46%
岐阜県岐阜市岐阜信用金庫
46%
静岡県富士宮市富士宮信用金庫
46%
和歌山県新宮市新宮信用金庫
46%
兵庫県姫路市姫路信用金庫
46%
香川県高松市高松信用金庫
46%
大分県日田市日田信用金庫
46%
広島県呉市呉信用金庫
46%
大分県大分市大分信用金庫
46%
熊本県天草市天草信用金庫
46%
佐賀県伊万里市伊万里信用金庫
46%
岩手県奥州市水沢信用金庫
46%
愛媛県宇和島市宇和島信用金庫
46%
宮崎県延岡市延岡信用金庫
46%
香川県観音寺市観音寺信用金庫
46%
徳島県徳島市徳島信用金庫
46%
高知県高知市高知信用金庫
43%
滋賀県長浜市長浜信用金庫
43%
鳥取県倉吉市倉吉信用金庫
43%
岡山県津山市津山信用金庫
43%
徳島県阿南市阿南信用金庫
41%
北海道岩見沢市空知信用金庫
41%
広島県広島市広島信用金庫
41%
岡山県岡山市おかやま信用金庫
41%
宮崎県高鍋町高鍋信用金庫
38%
岐阜県郡上市八幡信用金庫
38%
栃木県那須烏山市烏山信用金庫
38%
兵庫県洲本市淡路信用金庫
38%
千葉県香取市佐原信用金庫
35%
愛知県名古屋市愛知信用金庫
35%
東京都目黒区目黒信用金庫
35%
山梨県甲府市山梨信用金庫
35%
長野県岡谷市諏訪信用金庫
32%
神奈川県横須賀市湘南信用金庫
32%
愛媛県松山市愛媛信用金庫
30%
奈良県桜井市大和信用金庫
30%
富山県射水市新湊信用金庫
27%
北海道郡森町渡島信用金庫
27%
奈良県大和郡山市奈良信用金庫
27%
富山県南砺市砺波信用金庫
27%
北海道深川市北空知信用金庫
27%
東京都立川市多摩信用金庫
27%
福岡県久留米市筑後信用金庫
27%
福岡県水巻町遠賀信用金庫
24%
京都府京都市京都中央信用金庫
24%
愛知県半田市知多信用金庫
24%
北海道名寄市北星信用金庫
22%
北海道江差町道南うみ街信用金庫
22%
福井県大野市越前信用金庫
22%
埼玉県川口市青木信用金庫
22%
神奈川県横須賀市かながわ信用金庫
22%
兵庫県姫路市兵庫信用金庫
22%
愛媛県四国中央市川之江信用金庫
22%
東京都荒川区城北信用金庫
22%
島根県松江市しまね信用金庫
19%
北海道滝川市北門信用金庫
19%
福島県南相馬市あぶくま信用金庫
19%
群馬県伊勢崎市アイオー信用金庫
19%
東京都港区芝信用金庫
19%
青森県八戸市青い森信用金庫
19%
宮城県仙台市杜の都信用金庫
19%
東京都品川区城南信用金庫
19%
大阪府大阪市大阪シティ信用金庫
16%
岡山県倉敷市玉島信用金庫
16%
鹿児島県奄美市奄美大島信用金庫
16%
兵庫県姫路市播州信用金庫
16%
沖縄県沖縄市コザ信用金庫
16%
静岡県静岡市静清信用金庫
16%
静岡県浜松市遠州信用金庫
16%
新潟県妙高市新井信用金庫
16%
東京都墨田区東京東信用金庫
16%
千葉県市川市東京ベイ信用金庫
16%
秋田県由利本荘市羽後信用金庫
16%
宮城県白石市仙南信用金庫
16%
神奈川県小田原市さがみ信用金庫
14%
群馬県渋川市北群馬信用金庫
14%
長野県伊那市アルプス中央信用金庫
14%
富山県魚津市にいかわ信用金庫
14%
兵庫県豊岡市但馬信用金庫
14%
福島県いわき市ひまわり信用金庫
14%
東京都台東区朝日信用金庫
14%
東京都中野区西武信用金庫
14%
三重県四日市市北伊勢上野信用金庫
14%
東京都北区瀧野川信用金庫
14%
宮城県仙台市宮城第一信用金庫
14%
北海道根室市大地みらい信用金庫
14%
大阪府大阪市大阪商工信用金庫
14%
岐阜県多治見市東濃信用金庫
14%
東京都中央区東京シティ信用金庫
14%
愛知県安城市碧海信用金庫
14%
滋賀県東近江市湖東信用金庫
14%
埼玉県熊谷市埼玉縣信用金庫
11%
東京都世田谷区昭和信用金庫
11%
東京都豊島区巣鴨信用金庫
11%
栃木県鹿沼市鹿沼相互信用金庫
11%
東京都葛飾区東榮信用金庫
11%
島根県浜田市日本海信用金庫
11%
熊本県熊本市熊本第一信用金庫
11%
愛知県一宮市尾西信用金庫
11%
静岡県掛川市島田掛川信用金庫
11%
群馬県沼田市利根郡信用金庫
11%
富山県小矢部市石動信用金庫
11%
石川県金沢市はくさん信用金庫
11%
青森県弘前市東奥信用金庫
11%
大阪府茨木市北おおさか信用金庫
11%
静岡県浜松市浜松磐田信用金庫
11%
宮崎県宮崎市宮崎第一信用金庫
11%
高知県四万十市幡多信用金庫
11%
東京都葛飾区亀有信用金庫
8%
東京都港区さわやか信用金庫
8%
東京都千代田区興産信用金庫
8%
栃木県足利市足利小山信用金庫
8%
岡山県備前市備前日生信用金庫
8%
群馬県富岡市しののめ信用金庫
8%
岡山県倉敷市水島信用金庫
8%
長崎県諫早市たちばな信用金庫
8%
兵庫県加古川市但陽信用金庫
8%
富山県氷見市氷見伏木信用金庫
8%
静岡県静岡市しずおか焼津信用金庫
8%
愛知県一宮市いちい信用金庫
8%
京都府宮津市京都北都信用金庫
8%
愛知県名古屋市中日信用金庫
8%
三重県尾鷲市紀北信用金庫
8%
熊本県熊本市熊本中央信用金庫
8%
佐賀県武雄市九州ひぜん信用金庫
5%
大分県別府市大分みらい信用金庫
5%
福岡県大牟田市大牟田柳川信用金庫
5%
福岡県北九州市福岡ひびき信用金庫
5%
鹿児島県鹿児島市鹿児島相互信用金庫
5%
愛知県小牧市東春信用金庫
5%
兵庫県宍粟市西兵庫信用金庫
5%
石川県能登町興能信用金庫
5%
兵庫県丹波市中兵庫信用金庫
5%
奈良県田原本町奈良中央信用金庫
5%
岡山県高梁市備北信用金庫
5%
岡山県総社市吉備信用金庫
5%
広島県三原市しまなみ信用金庫
5%
広島県庄原市広島みどり信用金庫
5%
滋賀県近江八幡市滋賀中央信用金庫
5%
山口県下関市西中国信用金庫
5%
山口県防府市東山口信用金庫
5%
東京都新宿区西京信用金庫
5%
三重県桑名市桑名三重信用金庫
5%
東京都足立区足立成和信用金庫
5%
岐阜県大垣市大垣西濃信用金庫
3%
和歌山県和歌山市きのくに信用金庫
3%
愛媛県新居浜市東予信用金庫
3%
石川県七尾市のと共栄信用金庫
3%
神奈川県大磯町中南信用金庫
3%
東京都江戸川区小松川信用金庫
3%
神奈川県秦野市中栄信用金庫
3%
東京都新宿区東京三協信用金庫
3%
兵庫県明石市日新信用金庫
0%
大阪府大阪市永和信用金庫
0%
大阪府大阪市大阪厚生信用金庫
0%
山口県山口市萩山口信用金庫
0%
島根県出雲市島根中央信用金庫
0%

Score Distribution

Percentile by Number Answered

Percent of People with Each Score

Your Score History

You have not taken this quiz